MDQL
is popping MORE tags! Check the
thread
!
Quizzes
Events
Quiz Creation
Community
Videos
Private Events
Remove Ads
Sign In
Join for FREE
Feedback
Dark Mode
Quiz Categories
Sports
Geography
Music
Movies
Television
Just For Fun
Miscellaneous
History
Literature
Language
Science
Gaming
Entertainment
Religion
Holiday
For Kids
Quiz Lab
Recent
Popular Today
Quiz Kudos Today
Editor Picks
Curator Picks
Quizzes by...
Day
Popularity
Type
Ratings
Length
Year
Community
Subscriptions
Recent Discussions
Orange Saloon
Badges
Playlists
Quests
Create
Leaderboards
Showdown
Live 5
Trivia Bingo
Activity
Puzzle Library
Sporcle Events
Private Events
Virtual Trivia
Globe League
Become a Host
Pub Owners
SporcleCon
Opinionation
Our Games
Videos
Blog
Mobile Apps
Partnerships
Remove Ads and Go Orange
Feedback
Television
TV Characters
TV Show
Sitcom
Network
Friends
Reality Shows
Cast
South Park
Star Trek
The Simpsons
Doctor Who
Television
TV Characters
TV Show
Sitcom
Network
Friends
Reality Shows
Cast
South Park
Star Trek
The Simpsons
Doctor Who
Random Quiz
Search Sporcle
×
Quiz Lab
Quiz Lab
Television
Dexter Serial
Type in answers that appear in a list
Type in answers that appear in a list
Classic
Best Score? Go Orange.
Dexter A-Z Stats
Can you name the Dexter from A to Z?
By
typap
6m
26 Questions
1,924 Plays
1,924 Plays
1,924 Plays
Comments
Comments
Give Quiz Kudos
Give Quiz Kudos
-
- Ratings
hide this ad
More Info
Replay
Link that replays current quiz
Next Quiz
Link to next quiz in quiz playlist
You Got
0%
They Got
Avg Score
63%
Avg Friend Score
Upgrade to see
Score Distribution
Jump to the score distribution portion of the page
Score
0/26
Timer
06:00
0
Plays Today
Clue
Answer
% Correct
Dexter's brother
Brian Moser
96.8%
What Dexter lives by that helps him control his urges
The Code of Harry
94.8%
The person who introduced Dexter to Rita
Deb
93.9%
The Trinity Killer
Arthur Mitchell
93%
The serial killer that Dexter hunts down in Season 1
Ice Truck Killer
91%
Fellow detective that Deb is seeing in Season 5
Quinn
86.6%
The third letter of Dexter's name (Type the letter and then hit space)
x
85.3%
The dirty-
minded co-
worker of Dexter
Vince Masuka
84.9%
The tool Dexter used to finish off Trinity
Hammer
84.2%
Harry taught Dexter to control these
Urges to kill
82.1%
Dexter's mother
Laura Moser
81.3%
Dexter's boat
Slice of Life
80.9%
The fake name that Dexter gives Arthur to conceal his identity
Kyle Butler
78.4%
Clue
Answer
% Correct
Miguel's brother who is killed by Dexter
Oscar Prado
67.8%
Brian Moser's other name
Rudy Cooper
66%
Drug dealer that Dexter kills and sparks the friendship between Miguel and Dexter
Freebo
62.8%
What Dexter uses to bind his victims
Plastic Wrap
61.7%
Current Deputy Chief that was Harry Morgan's best friend
Tom Matthews
55.3%
Dexter and Rita's neighbor
Elliot
43.6%
Angel Batista's first wife
Nina
34.7%
Rita's mother
Gail
29.9%
Internal Affairs officer who was pressuring Debra Morgan to give her information on Quin
Yuki Amado
29.4%
Author of the Dexter book series
Jeff Lindsay
21.4%
One of Dexters victim's in Season 4 who framed Darius Rey for killing her husband and daughter
Zoey Kruger
16.6%
The neighbor's yapping dog that Rita gives away in Season 1
Walter
14.1%
The street that Dexter grew up on as a child
Mangrove Drive
6.1%
Quiz Playlist
Details
Report
Send in Message
Add To Playlist
More Info:
Can you name everything in Dexter from A to Z?
Classic:
Type in answers that appear in a list
Last Updated: Oct 18, 2018
Quiz Scoreboard
CHALLENGE
Sign Up to Join the Scoreboard
Show All
Scores
Hide
Comments
May contain spoilers
Recently Published
Holiday 10x10 Sorting Gallery
by lukepisani3
Holiday
15m
Two Season TV Shows II
by 123Four
Television
10m
Image Sorting: Flags VI
by Barbecue
Geography
2m
More to Explore
Quiz From the Vault
Featured Blog Post
14 Easter Pick-up Lines to Find Eggs With
hide this ad
You Might Also Like...
Tags
A-Z
Dexter
Dexter Characters
Dexter Episodes
Dexter Serial
Dexter Villains
morgan
Today's Top Quizzes in Television
Browse Television
hide this ad
Top Contributed Quizzes in Television
1
Survivor Journey Challenge
2
Even More Two Season TV Shows
3
Adjectives in 00s TV Shows
4
Brooklyn Nine Nine Logic Puzzle (How-To-Play)
5
Adjectives in 10s TV Shows
6
Click the SpongeBob Episodes (Season 3)
7
Even More Three Season TV Shows
8
Survivor Logic Puzzle: Heroes vs. Villains
9
Total Drama Characters
10
Survivor Heroes vs. Villains Logic Puzzle
Explore More
Trending Topics
Crossword
Harry Potter
Disney
Kpop
NBA
Marvel
Anime
Soccer
Country
Puzzle
Pokémon
Song
The Office
WWE
NFL
hide this ad
More By:
typap
Quiz
Plays
Rating
Category
Featured
Created
Dexter A-Z
1,924
3.00
Television
Nov 16, 2010
Movie Quotes VIII
405
5.00
Movies
Dec 8, 2010
Walking Dead Comic Characters By Status
303
4.00
Entertainment
Jun 14, 2015
Angry Video Game Nerd Videos
209
4.17
Gaming
Nov 19, 2010
Undisputed UFC Champions
106
Sports
Nov 18, 2010
Go to Creator's Profile
Score Distribution
Quiz Creator Spotlight
typap
Follow
Send a Message
Quizzes Created
-
Created Quiz Play Count
-
More By This Creator
Popular Quizzes Today
1
Find the US States - No Outlines Minefield
2
Colored Red Africa Blitz
3
Find the 'City' Movie
4
The Countries of the World
5
5x2 Blitz: Bands
6
Find the Countries of Europe - No Outlines Minefield
7
Find the US States
8
US States
More Television Quizzes
SNL - Kyle Mooney Impressions
Quiz Lab
Trending Quizzes
Colored Red Europe Blitz I
Colored Red Europe Blitz II
Colored Red Africa Blitz II
Even More Two Season TV Shows
Colored Red Africa Blitz III
Recently Updated
Odd Team Out - Big 4 Players
pecheneg
Quick Pick: 20 Twenties
pecheneg
March Madness Men's Triple Doubles
pecheneg
How Do You Spell That?
pecheneg
Godzilla Movies
pecheneg
Grab Bag: 4-10 Letters
pecheneg
2024 March Madness Bracket
pecheneg
Famous TV Couples
Peacemaker
Champions League XIs: Real Madrid
pecheneg
Largest US Cities 1790-2010
pecheneg
Trending Topics
Harry Potter
Anime
Kpop
Disney
NBA
Crossword
Marvel
Pokémon
Puzzle
Song
Country
NFL
WWE
The Office
Soccer
Your Account Isn't Verified!
In order to create a playlist on Sporcle, you need to verify the email address you used during registration. Go to your
Sporcle Settings
to finish the process.
Report this User
Report this user for behavior that violates our
Community Guidelines
.
Details:
Send Report
Go to the Sporcle.com Mobile Site →
Comments